Library Banner

Tareekh masha'ekh-e-chishat (urdu) (Record no. 37774)

MARC details
000 -LEADER
fixed length control field 00460nam a2200181Ia 4500
001 - CONTROL NUMBER
control field 38438
008 - FIXED-LENGTH DATA ELEMENTS--GENERAL INFORMATION
fixed length control field 140422s9999 xx 000 0 und d
020 ## - INTERNATIONAL STANDARD BOOK NUMBER
International Standard Book Number 9780195475081
040 ## - CATALOGING SOURCE
Transcribing agency PK-LaUMT
082 ## - DEWEY DECIMAL CLASSIFICATION NUMBER
Classification number 297.4
Item number KHA-T
100 ## - MAIN ENTRY--PERSONAL NAME
Personal name Khaleeq Ahmad Nizami
245 ## - TITLE STATEMENT
Title Tareekh masha'ekh-e-chishat (urdu)
Statement of responsibility, etc Khaleeq Ahmad Nizami
260 ## - PUBLICATION, DISTRIBUTION, ETC. (IMPRINT)
Place of publication, distribution, etc Oxford,USA:
Name of publisher, distributor, etc Oxford University Press,
Date of publication, distribution, etc 2007
300 ## - PHYSICAL DESCRIPTION
Extent 273 p.
505 ## - FORMATTED CONTENTS NOTE
Miscellaneous information 1
546 ## - LANGUAGE NOTE
Language note UR
942 ## - ADDED ENTRY ELEMENTS (KOHA)
Koha item type Books
Holdings
Withdrawn status Lost status Damaged status Not for loan Home library Current library Date acquired Total Checkouts Full call number Barcode Date last seen Price effective from Koha item type
        UMT Main Campus UMT Main Campus 2014-04-22   297.4 KHA-T 41194 2014-05-05 2014-05-05 Books